000 00692nas a2200241 4500
001 BR9101022
003 BR-BrBNA
005 20231205091938.0
007 ta
008 230509b bl.|||p| |||| 00| 00por d
040 _aBR-BrBNA
_bpor
_cBiblioteca Nacional de Agricultura
041 _a(Pt)
072 _aF02
100 1 _aViana, A.M.
100 1 _aFelippe, G.M.
245 1 _aReproducao de Dioscorea composita
650 _aINHAME
650 _aENRAIZAMENTO DE ESTACA
650 _aGERMINACAO
773 0 _tPesquisa Agropecuaria Brasileira (Brazil)
_xISSN 0100-204X
_g(May 1989), v. 24(5) p. 573-578
_wBR9101022
909 _a202311
_bLúcia
_c55
_dLúcia Elande
942 _2AGRIS
_n0
_cANA
999 _c128283
_d128283